Zamdane quiz - Statistiques

Statistiques générales
  • Ce quiz a été pris 116 fois
  • Le résultat moyen est 11 sur 15
Statistiques - réponses
Questions Réponses % Correct
Dans quel pays est-il né ? Maroc
99%
Il est arrivé en France à 17 ans et s'est installé proche d'une grande ville, laquelle ? Marseille
99%
Quel est le nom de son deuxième album, sorti en 2024 ? Solsad
96%
En quelle année a-t-il sorti son premier album "Couleur de ma peine", considéré par beaucoup comme son meilleur ? 2022
94%
Quelle série de freestyles l'a-t-elle fait passer d'artiste émergent à artiste confirmé ? Affamé
93%
Quel est le nom de l'album qu'il a annoncé lors de ce concert, album sorti le 22 mai 2025 ? Rahma
92%
Avec quel artiste en featuring a-t-il signé son plus grand succès, "Sans toi" ? J9ueve
89%
Quel est son réel prénom ? Ayoub
80%
Quelle salle de concert parisienne a-t-il rempli le 10 avril 2025 pour clôturer cette tournée ? Zénith
70%
Sur ce même album, quel est le titre du morceau en collaboration avec Jazzy Bazz ? Fauves
68%
Quel est son plus gros succès en solo, sorti sur l'album "Couleur de ma peine" ? Le monde par ma fenêtre
58%
Quel morceau, très apprécié par ses fans, a-t-il signé sur l'album "Le soleil se lèvera à l'Ouest" du média Raplume ? Soleil de ma vie
56%
Il a performé 2 soirs de suite dans une célèbre salle de concert à Paris pour débuter la tournée de son deuxième album les 14 et 15 mai 2024, laquelle ? Olympia
55%
Avec quel morceau sorti en 2017 s'est-il révélé aux yeux du public rap francophone ? Favaro
45%
Il a sorti son premier projet en 2018, avec des titres comme "Deadstar" ou "Nil", quel est son titre ? 20's
21%
Aucun quiz correspondant
Distribution des résultats
% des personnes avec chaque résultat
Percentile par nombre de réponses
Votre historique - résultats
Vous n’avez pas pris ce quiz